Group communication : (Record no. 13650)

000 -LEADER
fixed length control field 00420pam a2200145 a 4500
020 ## - INTERNATIONAL STANDARD BOOK NUMBER
ISBN 1559347724
040 ## - CATALOGING SOURCE
Transcribing agency DLC
082 00 - DEWEY DECIMAL CLASSIFICATION NUMBER
Classification number 302 MAY 1999 A011 Or.
100 1# - MAIN ENTRY--AUTHOR NAME
Personal name Keyton, Joann.
245 10 - TITLE STATEMENT
Title Group communication :
Remainder of title process and analysis /
260 ## - PUBLICATION, DISTRIBUTION, ETC. (IMPRINT)
Place of publication Mountain View, Calif. :
Name of publisher Mayfield Pub. Co.,
Year of publication c1999.
300 ## - PHYSICAL DESCRIPTION
Number of Pages xvi, 436, [28] p. :
Other physical details ill. ;
Dimensions 24 cm.
650 #0 - SUBJECT ADDED ENTRY--TOPICAL TERM
Topical Term Communication in small groups.
942 ## - ADDED ENTRY ELEMENTS (KOHA)
Koha item type សៀវភៅភាសាអង់គ្លេស
952 ## - LOCATION AND ITEM INFORMATION (KOHA)
Withdrawn status [LOCAL, KOHA] 0
952 ## - LOCATION AND ITEM INFORMATION (KOHA)
Withdrawn status [LOCAL, KOHA] 0
952 ## - LOCATION AND ITEM INFORMATION (KOHA)
Withdrawn status [LOCAL, KOHA] 0
Holdings
Permanent Location Date acquired Koha item type Lost status Shelving location Barcode Current Location Full call number
Library Block A2017-08-29សៀវភៅភាសាអង់គ្លេស A011A19871Library Block A302 MAY 1999 A011 Or.
Library Block A2017-10-10សៀវភៅភាសាអង់គ្លេស A066A16461Library Block A302 MAY 1999 A066 Or.
Library Block A2017-10-10សៀវភៅភាសាអង់គ្លេស A067A13471Library Block A302 MAY 1999 A067 Or.
មជ្ឈមណ្ឌលឯការនៃសាកលវិទ្យាល័យភូមិន្ទកសិកម្មចំការដូង

Powered by Koha